[Event "Cologne Ford op"]
[Site "Cologne"]
[Date "2009.06.15"]
[Round "7"]
[White "Preehl, Franz Josef"]
[Black "Tereshchenko, Boris"]
[Result "1-0"]
[WhiteElo "1750"]
[BlackElo "1769"]
[PlyCount "69"]
[EventDate "2009.04.27"]
[EventType "swiss"]
[EventRounds "7"]
[EventCountry "GER"]
[SourceTitle "EXT 2011"]
[Source "ChessBase"]
[SourceDate "2010.11.26"]
[SourceVersion "1"]
[SourceVersionDate "2010.11.26"]
[SourceQuality "1"]

1. d4 Nf6 2. Nf3 g6 3. c4 Bg7 4. Nc3 0-0 5. e4 d6 6. Be2 e5 7. dxe5 dxe5 8. Qxd8 Rxd8 9. Bg5 Re8 10. Rd1 h6 11. Bxf6 Bxf6 12. Nd5 Bd8 13. Ne3 Nc6 14. 0-0 Be6 15. Rd2 Bf6 16. Rfd1 Nd4 17. Nd5 Bxd5 18. cxd5 Rad8 19. Nxd4 exd4 20. Bd3 Be5 21. g3 g5 22. Rf1 c6 23. f4 Bc7 24. Rc2 gxf4 25. gxf4 Rd6 26. dxc6 bxc6 27. e5 Rd5 28. Rxc6 Bxe5 29. fxe5 Rexe5 30. Rc7 Re3 31. Bc4 Rg5+ 32. Kh1 Rg7 33. Rd7 Re4 34. Rd8+ Kh7 35. Bd3 1-0

[Event "Cologne Ford op"]
[Site "Cologne"]
[Date "2009.05.18"]
[Round "4"]
[White "Gnass, Arno"]
[Black "Tereshchenko, Boris"]
[Result "1-0"]
[WhiteElo "1572"]
[BlackElo "1769"]
[PlyCount "73"]
[EventDate "2009.04.27"]
[EventType "swiss"]
[EventRounds "7"]
[EventCountry "GER"]
[SourceTitle "EXT 2011"]
[Source "ChessBase"]
[SourceDate "2010.11.26"]
[SourceVersion "1"]
[SourceVersionDate "2010.11.26"]
[SourceQuality "1"]

1. d4 Nf6 2. c4 g6 3. g3 Bg7 4. Bg2 0-0 5. Nf3 d6 6. 0-0 e6 7. b3 d5 8. Bb2 c6 9. Nbd2 Nbd7 10. Rc1 a6 11. Qc2 Re8 12. e3 Ng4 13. h3 Nh6 14. e4 dxe4 15. Nxe4 Nf6 16. Rcd1 Nf5 17. Ne5 Nxe4 18. Bxe4 Qc7 19. Bg2 Rd8 20. Nf3 b5 21. Ne5 Ne7 22. Ba3 Bxe5 23. dxe5 Rxd1 24. Rxd1 Bb7 25. Bd6 Qd7 26. Qd2 Rd8 27. g4 Kg7 28. Qg5 Re8 29. h4 Kg8 30. h5 Nc8 31. h6 Qd8 32. Qf4 Qh4 33. c5 Ne7 34. Bxe7 Qxe7 35. Rd6 Rc8 36. Qd2 Ba8 37. g5 1-0